000 01846cam a22002054a 4500
005 20250605164109.0
008 250528s ||||||||||||||||||||||||d
035 _a17820
020 _a9789606750380
040 _aGR-AtMCL
_bgre
_dGR-AtMCL
_eAACR2
245 1 _aΒία στην Οικογένεια / Τεκμηριωμένη Πρακτική και Τεκμήρια από την Πρακτική
260 _bAddison-Wesley,
_c2009
300 _a344
520 _aΗ συλλογή των παρόντων κειμένων επιχειρεί να συνεισφέρει στην οικοδόμηση ενός σώματος γνώσεων και πρακτικών που να συνδυάζει την τεκμηρίωση με την εμπειρία και την θεωρία με την πρακτική στο ευαίσθητο κοινωνικά πεδίο της προστασίας των παιδιών από κάθε μορφής βία. Πρόλογος, Μορφές και Χαρακτηριστικλά της Βίας κατά των Παιδιών: Θεωρητικοί Μετασχηματισμοί και Σύγχρονα Δεδομένα, Κακοποίηση και Παραμέληση Παιδιού: Από την Θεωρία στην Πράξη, Βία κατά των Γυναικών: Δεδομένα και Αναλύσεις και Προοπτικές, Έρευνα και Στρατηγικές για την Προάσπιση των Δικαιωμάτων του Παιδιού Εντός και Εκτός Οικογένειας, Η Νομική Μετεξέλιξη του Φαινομένου της Ενδοοικογενειακής Βίας.
700 1 _aΝικολαϊδης Γ
_94090
700 1 _aΣταυριανάκη Μ
_94091
942 _cBK
999 _c3220
_d3220